000 00935cam a22002771 4500
001 gs 55000333
003 DLC
005 20260227111403.0
008 781005s1955 sduab b 000 0 eng c
010 _ags 55000333
035 _a(OCoLC)4265364
040 _aU.S. Geol. Survey. Libr.
_cUU
_dOCoLC
_dDLC
042 _apremarc
050 0 0 _aGB1025.S8
_bE7
082 _a551.49
100 1 _aErickson, Harold D.
245 1 0 _aArtesian conditions in northeastern South Dakota.
260 _aVermillion,
_bUniversity of South Dakota,
_c1955.
300 _a39 p.
_bmaps (3 fold. in pocket) tables.
_c28 cm.
490 1 _aSouth Dakota Geological Survey. Report of investigations,
_vno. 77
504 _aBibliography: p. 39.
650 0 _aArtesian wells
_zSouth Dakota.
650 0 _aWater-supply
_zSouth Dakota.
650 0 _aGeology
_zSouth Dakota.
830 0 _aReport of investigations (South Dakota Geological Survey) ;
_vno. 77.
999 _c29002
_d29002